Agency 2010 from bad to worse (Record no. 82421)
[ view plain ]
| 000 -LEADER | |
|---|---|
| fixed length control field | 01177cam a22001935a 4500 |
| 001 - CONTROL NUMBER | |
| control field | L150211 |
| 008 - FIXED-LENGTH DATA ELEMENTS--GENERAL INFORMATION | |
| fixed length control field | 100614e2010 xxk 000 0 eng d |
| 035 ## - SYSTEM CONTROL NUMBER | |
| System control number | (Sirsi) u150211 |
| 041 0# - LANGUAGE CODE | |
| Language code of text/sound track or separate title | eng |
| 110 2# - MAIN ENTRY--CORPORATE NAME | |
| Corporate name or jurisdiction name as entry element | Property Week |
| 9 (RLIN) | 1549 |
| 245 00 - TITLE STATEMENT | |
| Title | Agency 2010 from bad to worse |
| 490 #0 - SERIES STATEMENT | |
| Series statement | Property Week |
| Volume/sequential designation | 76(22) 4 June 2010, 32-35(4) |
| 520 ## - SUMMARY, ETC. | |
| Summary, etc. | The 2010 agency league tables show firms are still finding the going tough. Last year's combined turnover of Britain's top 57 property services firms fell by £150m, £400m lower than 2008. Revenue across the board declined by 5.6% with firms seeking to increase their professional and public sector work. Niche agencies remain capable of generating big fees per head. The top 57 firms reduced their workforce by 6%. Rankings are presented for top property services firms by UK turnover, by UK turnover per fee earner, top global property services firms by worldwide turnover, and top European firms by European turnover. ' |
| 590 ## - LOCAL NOTE (RLIN) | |
| Local note | NTK KA |
| 651 #4 - SUBJECT ADDED ENTRY--GEOGRAPHIC NAME | |
| Geographic name | International |
| 690 ## - LOCAL SUBJECT ADDED ENTRY--TOPICAL TERM (OCLC, RLIN) | |
| Topical term or geographic name as entry element | PROPERTY-COMMERCIAL PROPERTY-COMMERCIAL PROPERTY AGENCY |
| 690 ## - LOCAL SUBJECT ADDED ENTRY--TOPICAL TERM (OCLC, RLIN) | |
| Topical term or geographic name as entry element | PROPERTY-COMMERCIAL PROPERTY-COMMERCIAL PROPERTY MARKET |
| 942 ## - ADDED ENTRY ELEMENTS (KOHA) | |
| Suppress in OPAC | 0 |
| Withdrawn status | Lost status | Source of classification or shelving scheme | Damaged status | Not for loan | Home library | Current library | Shelving location | Date acquired | Total Checkouts | Full call number | Barcode | Date last seen | Copy number | Price effective from | Koha item type |
|---|---|---|---|---|---|---|---|---|---|---|---|---|---|---|---|
| Dewey Decimal Classification | London | London | Journal article | 14/06/2010 | L150211 | 150211-1001 | 06/08/2019 | 1 | 06/08/2019 | Journal article |